| 000 | 02045nam a2200277Ia 4500 | ||
|---|---|---|---|
| 008 | 260220t1992||||xx |||||||||||||| ||spa|| | ||
| 020 | _a8476156677 | ||
| 040 |
_aPY-SlUNAC _bspa _erda |
||
| 041 | _aspa | ||
| 082 |
_a540 _bG158q |
||
| 100 |
_aGanuza Fernández, José Luis _eAutor |
||
| 245 | 0 |
_aQuímica : _bestequiometria, estructuras termodinámicas, equilibrios, química orgánica / _cpor José Luis Ganuza Fernández [Autor]; María Pilar Casas González [Autor] y María Pilar Quipo Alejandro [Autor] |
|
| 264 |
_aCiudad de México : _bMcGraw-Hill, _c℗1992. |
||
| 300 | _a407 páginas | ||
| 520 | _aEl libro "Química" de José Luis Ganuza Fernández, publicado en 1992 por McGraw-Hill, ofrece una visión integral de los fundamentos de la química, abordando temas esenciales como la estequiometría, las estructuras termodinámicas y los equilibrios químicos. A través de un enfoque didáctico, el autor presenta conceptos clave que permiten a los estudiantes comprender las interacciones moleculares y las reacciones químicas, facilitando la aplicación de principios teóricos en situaciones prácticas. La obra también incluye secciones dedicadas a la química orgánica, donde se exploran las estructuras y reacciones de compuestos carbonados. Con ejemplos claros y ejercicios propuestos, el texto fomenta el pensamiento crítico y la resolución de problemas en el ámbito químico. Esta obra es una herramienta valiosa para estudiantes de química a nivel medio y superior, proporcionando una base sólida que les permitirá profundizar en estudios más avanzados en la disciplina. En conjunto, el libro se destaca por su claridad y rigor académico. | ||
| 653 | _aEquilibrio químico | ||
| 653 | _aQuímica | ||
| 653 | _aTermodinámica | ||
| 700 |
_aCasas González, María Pilar _eAutor |
||
| 700 |
_aQuipo Alejandro, María Pilar _eAutor |
||
| 942 |
_b2026/02/17 _cBK |
||
| 999 |
_c7824 _d7824 |
||